00462 a2200145 4500020001500000040001300015082001500028100002100043110002200064245006400086260003000150300003400180500005000214650005200264 a9814126772 aDLCbDLC a003.015113 aYager, Ronald R. aFilev, Dimitar P. aEssentials of fuzzy modeling and controlcRonald R,Yager, . aNew York :bWiley,c2002. axvi, 388 p. :bill. ;c25 cm. aIncludes bibliographical references and index a 1.Fuzzy sets.2.Fuzzy systems.3.Control theory.